Po voprosu metodiki razvitija sily i proizvoditeľnosti grebcov

Bibliographic Details
Main Author: Bača, Jozef, 1935 okóber 15.- (Author)
Format: Article
Language:Russian

MARC

LEADER 00000nab a2200000uu 4500
001 vtls010901630
003 SK-MaSNL
005 20260303141803.0
008 230222|1969 xo |||||||||||||||||rus|
015 |a SNBRB 
035 |a (urnnbn)urn:nbn:sk:snk:ar-a07n6r 
035 |a (uuid)ec5b3346-4729-4541-9641-c6119f388081 
035 |a urn:nbn:sk:snk-ab8t2u 
040 |a SNKBUCL  |b slo  |c SNKBUCL  |e AACR2 
041 0 |a rus 
044 |a xo  |c SK 
100 1 |a Bača, Jozef,  |d 1935 okóber 15.-  |4 aut  |9 37249 
245 1 0 |a Po voprosu metodiki razvitija sily i proizvoditeľnosti grebcov  |c Jozef Bača 
773 0 |t Acta Facultatis Educationis Physicae Universitatis Comenianae  |g Roč. 9, č. 9 (1969), s. 220-221 
958 |a OND 
958 |a EUIPO 
958 |a article10 
999 |c 1978751  |d 1980681